| 000 | 00777 a2200217 4500 | ||
|---|---|---|---|
| 001 | 26894 | ||
| 005 | 20260407155546.0 | ||
| 008 | 260407a1972 arg spa d | ||
| 003 | AR-UNSa-BCEJYS | ||
| 040 |
_aAR-UNSa-BCEJYS _bspa _cAR-UNSa-BCEJYS |
||
| 080 |
_a347.736 _xQuiebra. Insolvencia. Suspensión de pagos. Bancarrota, procedimientos. Derecho Concursal |
||
| 245 | 1 | 0 |
_aLey de Concursos _pLey 19551 |
| 264 | 1 |
_aBuenos Aires : _bVíctor P. de Zavalía _c1972 |
|
| 300 |
_a159 p. _c20 cm. |
||
| 942 | _cBK | ||
| 590 | _aniveau_biblio:m niveau_hierar:0 | ||
| 100 | 1 | _aArgentina [Leyes, etc.] | |
| 650 | _aLey Nº 19.551 | ||
| 856 | 4 | 1 |
_uhttps://biblioeco.unsa.edu.ar/pmb/images/libros/Ley de Concursos-l23717.jpg _yImagen de portada _qimage/jpeg |
| 650 | _a ley nº 19 551 | ||
| 999 |
_c1513 _d1513 |
||